| 000 | 01661nam a2200397 i 4500 | ||
|---|---|---|---|
| 001 | 000006785 | ||
| 003 | DO-SdBNP | ||
| 005 | 20260321073638.0 | ||
| 007 | ta | ||
| 008 | 090902s1994 dr a 001 0 spa d | ||
| 040 |
_aDO-SdBNP _bspa _cBNPHU _erda |
||
| 041 | _aspa | ||
| 082 | 4 |
_a467.97293 _bG643e _222 |
|
| 100 | 1 |
_aGonzález Tapia, Carlisle _917929 |
|
| 245 | 1 | 0 |
_aEstudio sobre el habla culta dominicana : _bresultados parciales de una investigación, con un estudio especial de los idiolectos de Bosch y Balaguer / _cCarlisle González Tapia ; edición, Isidro de los Santos. |
| 264 | 1 |
_aSanto Domingo : _bUniversidad Autónoma de Santo Domingo, _c1994. |
|
| 300 |
_a136 páginas : _bilustraciones ; _c21 cm. |
||
| 336 |
_atexto _btxt _2rdacontent |
||
| 337 |
_asin mediación _bn _2rdamedia |
||
| 338 |
_avolumen _bnc _2rdacarrier |
||
| 490 | 1 |
_aUniversidad Autónoma de Santo Domingo _v749 |
|
| 490 | 1 |
_aLingüistica y sociedad _v15 |
|
| 500 | _aIncluye referencias bibliográficas y notas al pie de páginas. | ||
| 504 | _aBibliografía : páginas 133-136 | ||
| 590 | _aInventariado, 2018/LP | ||
| 600 | 1 | 0 |
_a Balaguer, Joaquín, _d1906-2002 _xCritica e interpretación _976556 |
| 600 | 1 | 0 |
_a Bosch, Juan, _d1909-2001 _976555 |
| 650 | 4 |
_aDominicanismos _913083 |
|
| 650 | 4 |
_aEspañol en República Dominicana _918785 |
|
| 650 | 4 |
_aEspañol _xGramática _93475 |
|
| 650 | 4 |
_aLenguaje y lenguas _xHistoria y crítica _910052 |
|
| 700 | 1 |
_aSantos, Isidro de los, _eeditor _4ed. _918858 |
|
| 830 | 0 |
_aUniversidad Autónoma de Santo Domingo _n749 _pLingüistica y sociedad _v15 _918859 |
|
| 910 | _aValidado. Control de calidad EMS | ||
| 942 |
_2ddc _cLBS1 |
||
| 999 |
_c6573 _d6573 |
||